| Tag |
First Indicator |
Second Indicator |
Subfields |
| LEADER |
00000cam a2200000 a 4500 |
| 001 |
in00000644113 |
| 005 |
20151015064247.0 |
| 008 |
770107s1976 enk b 00110dengmd |
| 010 |
|
|
|a 74022992
|
| 020 |
|
|
|a 0803999364
|
| 035 |
|
|
|a (OCoLC)02665942
|
| 035 |
|
|
|9 ACW2637AM
|
| 040 |
|
|
|a YYP
|c YYP
|d TXA
|d UtOrBLW
|
| 049 |
|
|
|a TXAM
|c [1193967]
|
| 090 |
|
|
|a DS150.L413
|b S56
|
| 100 |
1 |
|
|a Shapiro, Yonathan.
|
| 245 |
1 |
4 |
|a The formative years of the Israeli Labour Party :
|b the organization of power, 1919-1930 /
|c Yonathan Shapiro.
|
| 264 |
|
1 |
|a London ;
|a Beverly Hills, Calif. :
|b SAGE Publications,
|c [1976]
|
| 264 |
|
4 |
|c ©1976
|
| 300 |
|
|
|a 278 pages ;
|c 23 cm.
|
| 336 |
|
|
|a text
|b txt
|2 rdacontent
|
| 337 |
|
|
|a unmediated
|b n
|2 rdamedia
|
| 338 |
|
|
|a volume
|b nc
|2 rdacarrier
|
| 490 |
1 |
|
|a Sage studies in 20th century history ;
|v v. 4
|
| 500 |
|
|
|a Includes index.
|
| 504 |
|
|
|a Bibliography: pages 273-278.
|
| 610 |
2 |
0 |
|a Ahdut ha-avodah.
|
| 650 |
|
0 |
|a Labor Zionism
|x History.
|
| 830 |
|
0 |
|a Sage studies in 20th century history ;
|v v. 4.
|
| 999 |
|
|
|a MARS
|
| 999 |
f |
f |
|s d867ba06-db2a-3cec-a1c8-4ec08276db3a
|i fc3111f2-1709-3601-ba55-98c3c580baf7
|t 0
|
| 952 |
f |
f |
|p ric
|a Texas A&M University
|b Rellis Campus
|c Joint Library Facility
|d Remote Storage
|t 0
|e DS150.L413 S56
|h Library of Congress classification
|i unmediated -- volume
|m A14802038616
|
| 998 |
f |
f |
|a DS150.L413 S56
|t 0
|l Remote Storage
|